Normal view MARC view

Entry Personal Name

Number of records used in: 1

001 - CONTROL NUMBER

  • control field: 10617

003 - CONTROL NUMBER IDENTIFIER

  • control field: DLC

005 - DATE AND TIME OF LATEST TRANSACTION

  • control field: 20260305113649.0

008 - FIXED-LENGTH DATA ELEMENTS

  • fixed length control field: 010523n| azannaabn |a aaa

010 ## - LIBRARY OF CONGRESS CONTROL NUMBER

  • LC control number: no2001041320

035 ## - SYSTEM CONTROL NUMBER

  • System control number: (OCoLC)oca05493840

040 ## - CATALOGING SOURCE

  • Original cataloging agency: DLC-ON
  • Language of cataloging: eng
  • Description conventions: rda
  • Transcribing agency: DLC-ON
  • Modifying agency: OCoLC
  • Modifying agency: DLC

046 ## - SPECIAL CODED DATES

  • Birth date: 1966
  • Source of date scheme: edtf

053 #0 - LC CLASSIFICATION NUMBER

  • Classification number element--single number or beginning number of span: PL4718.9.E273

100 1# - HEADING--PERSONAL NAME

  • Personal name: Ebr̲ahāṃ, Vinu,
  • Dates associated with a name: 1966-

370 ## - ASSOCIATED PLACE

  • Place of birth: Nedungadappally (India)

372 ## - FIELD OF ACTIVITY

  • Field of activity: Literature
  • Field of activity: Journalism
  • Field of activity: Motion pictures
  • Source of term: lcsh

374 ## - OCCUPATION

  • Occupation: Journalists
  • Source of term: lcdgt

374 ## - OCCUPATION

  • Occupation: Authors
  • Source of term: lcsh

375 ## - GENDER

  • Gender: Males
  • Source of term: lcdgt

377 ## - ASSOCIATED LANGUAGE

  • Language code: mal

400 0# - SEE FROM TRACING--PERSONAL NAME

  • Personal name: Vinu Ebr̲ahāṃ,
  • Dates associated with a name: 1966-

400 1# - SEE FROM TRACING--PERSONAL NAME

  • Personal name: Abraham, Vinu,
  • Dates associated with a name: 1966-

400 0# - SEE FROM TRACING--PERSONAL NAME

  • Personal name: Vinu Abraham,
  • Dates associated with a name: 1966-

670 ## - SOURCE DATA FOUND

  • Source citation: Ārādhanāpūrvvaṃ śatr̲u, 2000:
  • Information found: t.p. (Vinu Ebr̲ahāṃ) p. facing t.p. (Vinu Abraham) t.p. verso b. 1966; M.A. in econ., dip. in journalism; presently working as a journalist)

670 ## - SOURCE DATA FOUND

  • Source citation: Sinimākṣaraṅṅaḷ, October 2018:
  • Information found: t.p. ((Vinu Ebr̲ahāṃ) p. facing t.p. (born in Nedungadappally, Pathanamthitta dist. Kerala, India; Malayalam author, screenwriter, and journalist)

Powered by Koha